Halálos tetanuszmérgezés
Elmentve itt :
| Dokumentumtípus: | Cikk |
|---|---|
| Megjelent: |
1941-05-06
|
| Sorozat: | Délmagyarország
17 No. 102 |
| Kulcsszavak: | Molnár Józsefné, Haláleset |
| Online Access: | http://dmarchiv.bibl.u-szeged.hu/41379 |
| LEADER | 00413nab a2200145 i 4500 | ||
|---|---|---|---|
| 001 | delm41379 | ||
| 005 | 20180927130016.0 | ||
| 008 | 180927s1941 hu o 0|| hun d | ||
| 040 | |a SZTE Délmagyarország Archívum |b hun | ||
| 041 | |a hun | ||
| 245 | 0 | 0 | |a Halálos tetanuszmérgezés |h [elektronikus dokumentum] |
| 260 | |c 1941-05-06 | ||
| 300 | |a 8 | ||
| 490 | 0 | |a Délmagyarország |v 17 No. 102 | |
| 695 | |a Molnár Józsefné, Haláleset | ||